Alianzas estratégicas : el caso de General Motors e IBM /
Guardado en:
| Autor Principal: | |
|---|---|
| Formato: | Libro |
| Idioma: | Spanish English |
| Publicado: |
Madrid ; Buenos Aires :
McGraw-Hill /Interamericana de España,
c1992.
|
| Edición: | 1a. ed. en español. |
| Series: | Serie McGraw-Hill de Management.
|
| Materias: | |
| Etiquetas: |
Agregar Etiqueta
Sin Etiquetas, Sea el primero en etiquetar este registro!
|
| LEADER | 00955nam a22002415 4500 | ||
|---|---|---|---|
| 001 | EAD.ead003306 | ||
| 008 | 080718s1992####ag############001#0#spa#d | ||
| 005 | 20121023125806.0 | ||
| 245 | 1 | 0 | |a Alianzas estratégicas : |b el caso de General Motors e IBM / |c Joseph L. Badaracco. ; traducción, José Real Gutiérrez. |
| 250 | |a 1a. ed. en español. | ||
| 260 | |a Madrid ; |a Buenos Aires : |b McGraw-Hill /Interamericana de España, |c c1992. | ||
| 300 | |a xxvi, 145 p. ; |c 24 cm. | ||
| 490 | 1 | |a Serie McGraw-Hill de Management | |
| 500 | |a Traducción de: The Knowledge link. How firms compete through strategic Alliances. | ||
| 500 | |a Incluye índice. | ||
| 020 | |a 8476158378 | ||
| 100 | 1 | |a Badaracco, Joseph L. | |
| 830 | 0 | |a Serie McGraw-Hill de Management. | |
| 082 | 0 | 4 | |a 658.4012 |2 21 |
| 650 | 7 | |a Alianzas estratégicas. |2 isoc | |
| 650 | 7 | |a Estrategia empresarial. |2 unbist | |
| 041 | 1 | |a spa |h eng | |
| 859 | |a AR-BaBDC |b BIB. ADMINISTRACION - Libros |h 658.4012 |i B14 |p b02610 | ||
